00331nam a2200133Ia 4500008004100000041001200041082001100053100001500064245004700079260003500126300000800161650001200169700001600181221030s9999 xx 000 0 und d aEnglish a105.23 aR. Resnick 0aPhysics Part Icby R. Resnick, D. Halliday bWiley EasternaNew Delhic1969 a646 aPhysics aD. Halliday